| 000 | 01020nam a22002297a 4500 | ||
|---|---|---|---|
| 005 | 20100722151311.0 | ||
| 010 | _aHIN-89736 | ||
| 020 |
_a8189271067 _c90.00 |
||
| 035 | _aHN-62082 | ||
| 037 | _bDBAD/PUB | ||
| 082 | _a821 | ||
| 100 |
_aगर्ग, आंनद स्वरूप _9774 |
||
| 245 |
_aपहचान नहीं है हमें / _cआंनद स्वरूप गर्ग |
||
| 246 |
_aPahchan nahi hai hamain _bby Aanand Swaroop Garg |
||
| 260 |
_aनई दिल्ली _bविनस बुक्स _c2010 |
||
| 270 |
_aई-206, न्यू राजेन्द्र नगर _bनई दिल्ली _e110060 |
||
| 300 |
_a79पृ. _c22सेमी.(सजिल्द) |
||
| 650 |
_aहिन्दी कविता _9697 |
||
| 650 |
_aHindi Poetry _9698 |
||
| 942 |
_2ddc _cHN _h821 _mगर्गआं |
||
| 999 |
_c37249 _d37249 |
||